Missing Word: Band Prepositions Quiz Stats

 Plays Quiz Updated Apr 15, 2015

Challenge
Share
Tweet
Embed
Score 0/18 Timer 02:00
3 Plays Today
Band Preposition % Correct
Alice ___ Chainsin
97.6%
New Kids ___ the Blockon
96.6%
Men ___ Workat
95.5%
30 Seconds ___ Marsto
91.9%
___ Monsters and Menof
90.8%
Rage ___ the Machineagainst
87.7%
Better ___ Ezrathan
82.5%
Death Cab ___ Cutiefor
81.7%
Everything ___ the Girlbut
67.9%
Band Preposition % Correct
Guided ___ Voicesby
56%
Men ___ Hatswithout
48.6%
Rocket ___ the Cryptfrom
46.6%
___ the Rhineover
42.9%
___ Their Eyesbefore
17.2%
___ the Buried and Mebetween
16.3%
___ the Fireafter
14.2%
___ the Skyacross
8.3%
Love ___ Freaksamong
8.2%

Today's Daily Dose

You're not logged in!

Compare scores with friends on all Sporcle quizzes.
Join for Free
OR
Log In

You Might Also Like...

Show Comments

Extras

Top Quizzes Today


Score Distribution

Your Account Isn't Verified!

In order to create a playlist on Sporcle, you need to verify the email address you used during registration. Go to your Sporcle Settings to finish the process.

Report this User

Report this user for behavior that violates our Community Guidelines.

Details: